| 000 | 01248cam a22003255i 4500 | ||
|---|---|---|---|
| 999 |
_c27853 _d27824 |
||
| 001 | 19545441 | ||
| 003 | EG-ScBUE | ||
| 005 | 20191203100705.0 | ||
| 008 | 170309s2017 nyu f b 001 0 eng d | ||
| 020 | _a9780415784078 (pbk) | ||
| 040 |
_aDLC _beng _erda _cDLC _dDLC _dEG-ScBUE |
||
| 082 | 0 | 4 |
_a428.0071 _bNOR _222 |
| 100 | 1 |
_aNorris, John M., _d1967- _eauthor. |
|
| 245 | 1 | 0 |
_aSecond language educational experiences for adult learners / _cJohn M. Norris, John McE. Davis, Veronika Timpe-Laughlin. |
| 264 | 1 |
_aNew York ; _aAbingdon, Oxon : _bRoutledge / Taylor and Francis Group, _c2017. |
|
| 300 |
_aviii, 308 pages ; _c24 cm. |
||
| 336 |
_atext _btxt _2rdacontent |
||
| 337 |
_aunmediated _bn _2rdamedia |
||
| 338 |
_avolume _bnc _2rdacarrier |
||
| 490 | 0 |
_aInnovations in language learning and assessment at ETS ; _vvolume 1 |
|
| 504 | _aIncludes bibliographical references and index. | ||
| 650 | 7 |
_aSecond language acquisition. _2BUEsh |
|
| 650 | 7 |
_aEnglish language _xStudy and teaching _xForeign speakers. _2Buesh |
|
| 650 | 7 |
_aAdult learning. _2BUEsh _937423 |
|
| 653 |
_bHHUUEENN _cNovember2019 |
||
| 655 | _vReading book | ||
| 700 | 1 |
_aDavis, John McE., _d1970- _eauthor. |
|
| 700 | 1 |
_aTimpe, Veronika, _d1982- _eauthor. |
|
| 942 |
_2ddc _cBB |
||